Responses for show #7278 - Wednesday, April 13, 2016

Contestants

Christian Maher, a fishmonger from Sea Isle City, New Jersey

Pamela Stewart, an art historian and college professor from Ann Arbor, Michigan

Carter Spires, a law student originally from Birmingham, Alabama (whose 1-day cash winnings total $26,001)

Jeopardy! Round responses

POTPOURRI
(Alex: Little bit of everything.)
A MIXED BAG
(Alex: A little bit of everything.)
RANDOMNESS IN SCIENCE
(Alex: A little bit of everything, I guess.)
LITERARY MISCELLANIES
(Alex: I won't repeat myself.)
HODGE-POD
"E-T-C"
(Alex: Those three letters will come up in that order, but not necessarily together, in each correct response.)
    $200 11
eucalyptus

Pamela
    $200 16
a kilt

Pamela
    $200 1
chaos

Carter
    $200 6
a serial

Pamela
    $200 26
HAL

Christian
    $200 21
a centerpiece

Christian
    $400 12
juniper berries

Carter
    $400 17
a carpet bag

Christian
    $400 2
mutations

Carter
    $400 7
a chimney sweep

Carter
    $400 27
Free Willy

Pamela
    $400 22
domestication

Carter
    $600 13
lavender

Pamela
    $600 18
a duffel

Christian
    $600 3
the uncertainty principle

Christian
    $600 8
Henry VIII

Carter
    $600 28
Mystery Science Theater 3000

Carter
    $600 23
elliptical

Pamela
    $800 14
rosemary

Pamela
    $800 19
Hobo

Pamela
    $800 4
diffusion

Triple Stumper
    $800 9
an angel

Carter
    $800 29
(Christian: What is Invasion of the Body Snatchers?)
...
(Alex: What is [*]? That very scary scene when he got something not only off his chest, but through his chest.)

Alien

Christian
Triple Stumper
    $800 24
metacarpal

Christian
    $1000 15
(Christian: What are violets?)

pansies

PamelaChristian
    $1000 20
Grace Kelly (Princess Grace of Monaco)

Pamela
    $1,000 5
free radicals

Christian
    $1000 10
William Makepeace Thackeray

Triple Stumper
    $1000 30
Hitchcock

Christian
    $1000 25
Sheetrock

Triple Stumper

Scores at the first commercial break (after clue 15):

Carter Pamela Christian
$2,800 $2,800 $600

Scores at the end of the Jeopardy! Round:

Carter Pamela Christian
$3,800 $5,800 $3,000

Double Jeopardy! Round responses

CENTRAL AMERICAN CAPITALS
THE HOLY "C"
CAT & DOG BREEDS
RADIO & TV GAME SHOWS
8-LETTER WORDS
THE HILL, HULL & HALL OF FAME
    $400 1
San José

Triple Stumper
    $400 3
a cathedral

Carter
    $400 8
a Saint Bernard

Carter
    $400 30
Hollywood Squares

Christian
    $400 14
latitude

Carter
    $400 13
Stonewall Jackson

Carter
    $800 2
Guatemala City

Triple Stumper
    $800 4
clergy

Pamela
    $800 9
a boxer

Pamela
    $800 29
The Newlywed Game

Christian
    $800 15
an anteater

Carter
    $800 22
a Masonic lodge

Christian
    $1200 26
Belmopan

Triple Stumper
    $1200 5
the canon

Carter
    $1200 10
a Manx

Carter
    $1200 19
Wait Wait... Don't Tell Me!

Carter
    $1200 16
cribbage

Triple Stumper
    $1200 23
(Christian: Who is Brett Hull?)
...
(Alex: Who was his father--[*]? Brett never played in the WHA.)

Bobby Hull

Christian
Triple Stumper
    $1,000 27
(Alex: You do not look very happy at having uncovered this Daily Double, and it might be because we have yet to come up with a correct response in this category.)
...
(Christian: What is Nicaragua?)
...
(Alex: Nicaragua is the country, not the city.)

Managua

Christian
    $1600 6
the chalice

Pamela
    $1600 11
a Munchkin

Christian
    $1600 20
College Quiz Bowl

Triple Stumper
    $1600 17
a Caduceus

Christian
    $1600 24
(Carter: What is a ha'penny?)

a penny

CarterChristian
    $2000 28
(Alex: We will not have this category again, ladies and gentlemen.)

Panama City

Triple Stumper
    $3,000 7
cloister

Pamela
    $2000 12
Maltese

Pamela
    $2000 21
(Pamela: What's Password?)

You Bet Your Life

Pamela
Triple Stumper
    $2000 18
a behemoth

Carter
    $2000 25
the Good Neighbor Policy

Triple Stumper

Scores at the end of the Double Jeopardy! Round:

Carter Pamela Christian
$10,200 $12,000 $7,600

[wagering suggestions for these scores]

Final Jeopardy! Round responses

FAMOUS HOTELS
(Alex: The hotel was the site of the famous Roundtable Lunches where some famous people would, uh, exercise their brilliant wits.)
...
(Alex: We're talking about the famous [*], and the Roundtable Lunches with Benchley and Dorothy Parker.)
ChristianWhat is the Chelsea?
$7,599
CarterWhat is the Bellagio?
$5,001
PamelaWhat is the Savoy
$8,401
the Algonquin Hotel

Final scores:

Carter Pamela Christian
$5,199 $3,599 $1
2-day champion: $31,200 2nd place: $2,000 3rd place: $1,000

Game dynamics:

Coryat scores:

Carter Pamela Christian
$10,200 $11,000 $8,600
17 R,
1 W
15 R
(including 1 DD),
1 W
14 R
(including 1 DD),
4 W
(including 1 DD)

Combined Coryat: $29,800

The J! Archive is created by fans, for fans. The Jeopardy! game show and all elements thereof, including but not limited to copyright and trademark thereto, are the property of Jeopardy Productions, Inc. and are protected under law. This website is not affiliated with, sponsored by, or operated by Jeopardy Productions, Inc. Join the discussion at JBoard.tv.